|
|
|
|
| LEADER |
00000nas a2200000 a 4500 |
| 001 |
ssj0012630 |
| 003 |
WaSeSS |
| 005 |
20200512172242.0 |
| 006 |
m d |
| 007 |
cr n |
| 008 |
880901c19uu9999paubr p s 0 a0eng c |
| 010 |
|
|
|a 96657642
|z sn 88002410
|
| 022 |
|
|
|l 1040-4961
|y 1040-4961
|
| 032 |
|
|
|a 002684
|b USPS
|
| 035 |
|
|
|a (WaSeSS)ssj0012630
|
| 037 |
|
|
|b Military Images, Circulation Manager, RD 2 Box 2542, E. Stroudsburg, PA 18301
|
| 040 |
|
|
|a NSD
|b eng
|c NSD
|d NST
|d NSD
|d DLC
|d OCLCQ
|d CS1
|d NYG
|d OCLCQ
|d CUS
|d OCLCQ
|d OCLCF
|d WaSeSS
|
| 042 |
|
|
|a nsdp
|a pcc
|
| 043 |
|
|
|a n-us---
|
| 050 |
0 |
0 |
|a UA23.A1
|b M54
|
| 082 |
1 |
0 |
|a 355/.00973
|
| 210 |
0 |
|
|a Mil. images
|
| 222 |
|
0 |
|a Military images
|
| 245 |
0 |
0 |
|a Military images
|h [electronic resource].
|
| 260 |
|
|
|a [East Stroudsburg, PA :
|b Harry Roach]
|
| 310 |
|
|
|a Bimonthly
|
| 500 |
|
|
|a Imprint varies.
|
| 500 |
|
|
|a Published by: David Neville, <2006->
|
| 506 |
|
|
|a License restrictions may limit access.
|
| 588 |
|
|
|a Description based on: Vol. 10, no. 1 (July-Aug. 1988); title from cover.
|
| 588 |
|
|
|a Latest issue consulted: Vol. 28, no. 2 (Sep./Oct. 2006).
|
| 650 |
|
0 |
|a Military art and science
|x History
|v Periodicals.
|
| 650 |
|
7 |
|a Armed Forces.
|2 fast
|0 (OCoLC)fst00814586
|
| 650 |
|
7 |
|a Military art and science.
|2 fast
|0 (OCoLC)fst01020874
|
| 651 |
|
0 |
|a United States
|x Armed Forces
|x History
|v Periodicals.
|
| 651 |
|
0 |
|a United States
|x History, Military
|v Periodicals.
|
| 651 |
|
7 |
|a United States.
|2 fast
|0 (OCoLC)fst01204155
|
| 655 |
|
0 |
|a Electronic journals.
|
| 700 |
1 |
|
|a Roach, Harry.
|
| 780 |
0 |
0 |
|t Military images magazine
|x 0193-9866
|w (DLC) 79643748
|
| 850 |
|
|
|a AMAU
|a CU-SB
|a CoU
|a DLC
|a WM
|
| 856 |
4 |
0 |
|z Full text available from Research Library: 07/01/1998 to present
|u https://search.proquest.com/publication/48233
|